Un Mundo en Explosión /

Este libro recoge las seis conferencias radiadas por la BBC en las cuales, el autor analiza las causas del miedo que, paradójicamente, atinaza a la sociedad de nuestros días en el momento en que el hombre tiene en sus manos el dominio de la naturaleza y de su propio destino. Afirma que si los hombre...

Descripción completa

Guardado en:
Detalles Bibliográficos
Autor principal: Leach, Edmund (autor)
Formato: Libro
Idioma:Español
Colección:(Argumentos ; 12)
Temas:
Etiquetas: Agrega una etiqueta
Sin etiquetas, Sé el primero en etiquetar este registro!

MARC

LEADER 00000nam^a2200000^a^4500
001 000069739
005 20250521000000.0
009 20260310091415.491
037 |a Acervo ITESO - Biblioteca 
041 |a ESP 
082 |a 306. 4  |b LEA 
100 |a Leach, Edmund  |e (autor) 
245 1 3 |a Un Mundo en Explosión /  |c E. Leach ; tr. por José R. Llobera. 
264 |a Barcelona, España :  |b Anagrama,  |c 1970 
300 |a 123 p. 
336 |a texto  |b txt  |2 rdacontenido 
337 |a sin mediación  |b n  |2 rdamedio 
338 |a volumen  |b nc  |2 rdasoporte 
440 1 |a (Argumentos ;  |v 12) 
520 |a Este libro recoge las seis conferencias radiadas por la BBC en las cuales, el autor analiza las causas del miedo que, paradójicamente, atinaza a la sociedad de nuestros días en el momento en que el hombre tiene en sus manos el dominio de la naturaleza y de su propio destino. Afirma que si los hombres aceptan actuar como "dioses" como dueños de sus destinos, aunque no alcancen todas sus ambiciones privadas, no cabe duda de que su vida sería más satisfactoria. 
649 |a XX 
650 |a Sociología 
650 |a Tecnología y Sociedad 
650 |a Sociología de la Cultura 
910 |a Fondo Armando Suárez Gómez 
920 |a Impresos - Libros 
930 |a Fondos Especiales 
905 |a 111 
901 |a 0700006613  |b IT2  |c ESP  |u 20250521 
902 |a https://opac.biblio.iteso.mx/vufind/Record/000069739